1033 1206 1135 1026 1636 1365 1284 1053 1609 1604 1513 1237 1823 1485 1124 1490 1219 1740 1626 1274 1702 1003 1334 1780 1511 1037 1833 1507 1900 1386 1023 1182 1572 1597 1689 1460 1510 1377 1521 1789 1540 1054 1101 1027 1553 1024 1289 1820 1129 1058 1288 1209 1983 1643 1743 1535 1257 1655 1151 1358 1095 1281 1590 1245 1518 1539 1823 1604 1335 1309 1678 1360 1434 1293 1698 1290 1034 1178 1672 1345 1728 1996 1633 1356 1846 1045 1510 1458 1421 1529 1403 1912 1390 1063 1514 1252 1292 1792 1847 BCNSPRNW ULIB Ver.6.0+V

เปลี่ยนเป็นภาษาไทย

Change to English
 แสดงรายละเอียดบรรณานุกรม
  กลับหน้าหลัก

Brief Record : Get Marc (ISO 2709) : E-mail record : QR code < ปิดหน้าต่าง
LEADER : 00000nam 2200000uu 4500
001    13399120153
003     ULIB
008    120905s2542||||th 000 0 tha d
020    ^a9747766159
040    ^avu
060  4 ^aWY100^bก459
245 00 ^aการบำบัดทางการพยาบาล /^cโดย คณาจารย์สถาบันพระบรมราชชนก
250    ^aพิมพ์ครั้งที่ 2.
260    ^aนนทบุรี :^bโครงการสวัสดิการวิชาการ สถาบันพระบรมราชชนก กระทรวงสาธารณสุข,^c2542.
300    ^a354 หน้า :^bภาพประกอบ.
650  7 ^aการพยาบาลอายุรศาสตร์
650  7 ^aการพยาบาล
710 2  ^aสถาบันพระบรมราชชนก.^bโครงการสวัสดิการวิชาการ.
710 2  ^aคณาจารย์สถาบันพระบรมราชชนก
852    ^aพยาบาลศาสตร์
945    ^p150^l0^i032725
945    ^p150^l0^i032726
945    ^p150^l0^i032727
945    ^p150^l0^i032728
945    ^p150^l0^i032729
945    ^p150^l0^i032730
995    ^aทศพร
999    ^aทศพร
รายการนี้ยังไม่มีแท็ก
คุณยังไม่ได้ล็อกอิน คุณสามารถมีกิจกรรมร่วมกับเว็บไซต์ได้ แต่ต้องล็อกอินก่อน ::
  ล็อกอิน

รายการสื่อสารสนเทศ

ลำดับที่ ประเภท เลขเรียก/บาร์โค้ด สถานที่ สถานะ
- ไม่พบข้อมูล -

รายการใกล้เคียง
    หัวเรื่อง [การพยาบาลอายุรศาสตร์]
    หัวเรื่อง [การพยาบาล]

BibComment


ยังไม่เคยถูกคอมเมนท์

คอมเมนท์ทรัพยากรรายการนี้
  คอมเมนท์: การบำบัดทางการพย..


 Copyright 2026. Bcnsprnw @Library